000 00593nam a2200193 i 4500
001 45395
003 ES-MaACL
005 20230906161218.0
007 t|
008 030325s1910 fr ||||1| fre d
100 1 _aColson, Albert.
_939899
245 1 2 _aL'essor de la chimie appliquée /
_cAlbert Colson.
260 _aParis :
_bErnest Flammarion,
_c1910 (
_fHemmerlé et Cie.)
300 _a349 p. ;
_c19 cm.
490 1 _aBibliothèque de philosophie scientifique
830 0 _aBibliothèque de philosophie scientifique
_9181135
852 _aES-MaACL
_jF-6166
999 _c45395
_d45395